000 00772nam0a22002411 4500
001 rc\2841860
005 20260406110135.0
035 _a(NLR Aleph) 006999390
090 _a5705483
_c5705483
100 _a20110629d1929 |||y0rusy50 ca
101 0 _arus
102 _aRU
105 _ay z |||||
200 1 _aРадлов в театре
210 _a[Ленинград]
_cБ. и.
_d[1929]
215 _aС. 4-22
300 _aВ кн.: Сергей Радлов. Десять лет в театре. [Л.], 1929. с. 4-22
700 1 _8rus
_7ca
_aМокульский
_bС. С.
_f1896-1960
_gСтефан Стефанович
_3RU\NLR\auth\77106550
_989475
801 0 _aRU
_bNLR
_gpsbo
801 1 _aRU
_bELAR
_2rusmarc
852 _aNLR
_j58/723
942 _cBOOK
980 _aNB